000 00335 a2200109 4500
001 ART_41236
005 20260410161647.0
008 260409a
245 1 0 _aRetenciones ingresadas por facturas apócrifas
100 1 _aCaranta, Martín R.
773 0 _tConsultor tributario
_g- Año 11, Nº 120 (feb. 2017)
_wREV474
999 _c13859
_d13859